[Event "WCO 2016"]
[Site "?"]
[Date "2016.09.09"]
[Round "7"]
[Board "30"]
[WhiteID "16500270"]
[White "Blagojevic Tijana"]
[BlackID "6400574"]
[Black "Munoz Santana Doribel"]
[Result "1/2-1/2"]
[BlackElo "1899"]
[WhiteElo "2223"]
[LiveChessVersion "1.4.8"]

1. e4 {[%clk 1:30:56]} e5 {[%clk 1:30:54]} 2. Nf3 {[%clk 1:31:19]} d6
{[%clk 1:31:15]} 3. d4 {[%clk 1:31:43]} exd4 {[%clk 1:31:21]} 4. Nxd4
{[%clk 1:32:08]} Nf6 {[%clk 1:31:43]} 5. Nc3 {[%clk 1:32:32]} Be7
{[%clk 1:32:01]} 6. g3 {[%clk 1:32:56]} O-O {[%clk 1:32:20]} 7. Bg2
{[%clk 1:33:23]} Re8 {[%clk 1:32:21]} 8. O-O {[%clk 1:33:46]} Bf8
{[%clk 1:32:25]} 9. b3 {[%clk 1:33:35]} Nbd7 {[%clk 1:31:42]} 10. Bb2
{[%clk 1:33:47]} Nc5 {[%clk 1:30:17]} 11. Re1 {[%clk 1:33:51]} a5
{[%clk 1:29:49]} 12. a3 {[%clk 1:30:50]} c6 {[%clk 1:22:31]} 13. Qd2
{[%clk 1:30:25]} Ne6 {[%clk 1:05:57]} 14. Nde2 {[%clk 1:29:21]} Ng4
{[%clk 1:01:10]} 15. h3 {[%clk 1:28:38]} Ne5 {[%clk 1:01:24]} 16. f4
{[%clk 1:27:27]} Nd7 {[%clk 0:58:44]} 17. Kh2 {[%clk 1:27:10]} Nec5
{[%clk 0:45:42]} 18. Nd4 {[%clk 1:27:11]} Nf6 {[%clk 0:45:06]} 19. Rad1
{[%clk 1:27:01]} Qc7 {[%clk 0:44:50]} 20. b4 {[%clk 1:23:17]} axb4
{[%clk 0:44:28]} 21. axb4 {[%clk 1:23:46]} Ncd7 {[%clk 0:38:41]} 22. Nf5
{[%clk 1:20:32]} Nb6 {[%clk 0:35:54]} 23. Ne3 {[%clk 1:20:55]} Be6
{[%clk 0:30:34]} 24. Ne2 {[%clk 1:20:46]} Nfd7 {[%clk 0:26:59]} 25. Nd4
{[%clk 1:19:43]} Rad8 {[%clk 0:21:33]} 26. Bf1 {[%clk 1:16:38]} Nf6
{[%clk 0:15:04]} 27. Qg2 {[%clk 1:11:23]} d5 {[%clk 0:10:15]} 28. e5
{[%clk 1:04:48]} Ne4 {[%clk 0:09:50]} 29. c3 {[%clk 1:04:39]} Na4
{[%clk 0:09:39]} 30. Qc2 {[%clk 0:55:55]} Nxb2 {[%clk 0:09:59]} 31. Qxb2
{[%clk 0:56:24]} Ra8 {[%clk 0:08:25]} 32. Bd3 {[%clk 0:55:42]} Qc8
{[%clk 0:06:51]} 33. Nxe6 {[%clk 0:52:05]} Qxe6 {[%clk 0:07:08]} 34. c4
{[%clk 0:49:42]} Ra4 {[%clk 0:04:49]} 35. cxd5 {[%clk 0:48:49]} cxd5
{[%clk 0:03:22]} 36. Nxd5 {[%clk 0:47:22]} Qxd5 {[%clk 0:03:12]} 37. Bxe4
{[%clk 0:47:47]} Ra2 {[%clk 0:02:39]} 38. Rxd5 {[%clk 0:46:32]} Rxb2+
{[%clk 0:03:03]} 39. Kh1 {[%clk 0:46:46]} Rxb4 {[%clk 0:03:23]} 40. Rd7
{[%clk 1:16:37]} Re7 {[%clk 0:33:13]} 41. Rd8 {[%clk 1:16:19]} Rc7
{[%clk 0:32:42]} 42. Bd5 {[%clk 1:16:10]} g6 {[%clk 0:32:28]} 43. Kg2
{[%clk 1:09:40]} Kg7 {[%clk 0:32:40]} 44. e6 {[%clk 1:04:13]} fxe6
{[%clk 0:30:49]} 45. Rxe6 {[%clk 1:04:36]} Be7 {[%clk 0:17:06]} 46. Rg8+
{[%clk 1:04:10]} Kh6 {[%clk 0:16:17]} 47. f5 {[%clk 0:53:47]} Rb2+
{[%clk 0:16:19]} 48. Kf3 {[%clk 0:53:35]} Rc3+ {[%clk 0:16:11]} 49. Re3
{[%clk 0:49:22]} Rxe3+ {[%clk 0:16:24]} 50. Kxe3 {[%clk 0:49:51]} gxf5
{[%clk 0:16:02]} 51. Kf4 {[%clk 0:50:09]} Rb6 {[%clk 0:12:07]} 52. Kxf5
{[%clk 0:49:32]} Rf6+ {[%clk 0:12:21]} 53. Ke5 {[%clk 0:48:12]} Rg6
{[%clk 0:12:41]} 54. Re8 {[%clk 0:45:18]} Bd6+ {[%clk 0:13:00]} 55. Ke4
{[%clk 0:45:15]} Bxg3 {[%clk 0:13:17]} 56. Bxb7 {[%clk 0:45:21]} Kg5
{[%clk 0:12:02]} 57. Kf3 {[%clk 0:44:12]} Bd6 {[%clk 0:11:41]} 58. Rh8
{[%clk 0:43:47]} Rf6+ {[%clk 0:11:56]} 59. Kg2 {[%clk 0:44:10]} h6
{[%clk 0:12:13]} 60. Rg8+ {[%clk 0:43:30]} Rg6 {[%clk 0:12:12]} 61. Rxg6+
{[%clk 0:43:20]} 1/2-1/2

[Event "WCO 2016"]
[Site "?"]
[Date "2016.09.09"]
[Round "7"]
[Board "31"]
[WhiteID "6401074"]
[White "Jose Polanco Kenia"]
[BlackID "931411"]
[Black "Stojanovic Marija R"]
[Result "1/2-1/2"]
[BlackElo "2127"]
[WhiteElo "1923"]
[LiveChessVersion "1.4.8"]

1. d4 {[%clk 1:30:56]} Nf6 {[%clk 1:30:49]} 2. Nf3 {[%clk 1:31:23]} g6
{[%clk 1:30:59]} 3. Bf4 {[%clk 1:31:44]} Bg7 {[%clk 1:30:32]} 4. e3
{[%clk 1:31:59]} d6 {[%clk 1:30:04]} 5. Be2 {[%clk 1:32:13]} O-O {[%clk 1:29:58]}
6. O-O {[%clk 1:32:09]} Nbd7 {[%clk 1:28:36]} 7. h3 {[%clk 1:30:45]} c5
{[%clk 1:22:51]} 8. c3 {[%clk 1:31:04]} Rb8 {[%clk 1:18:56]} 9. a4
{[%clk 1:29:58]} b6 {[%clk 1:17:18]} 10. Nbd2 {[%clk 1:29:45]} Bb7
{[%clk 1:15:25]} 11. Bh2 {[%clk 1:27:08]} Qc7 {[%clk 1:09:11]} 12. Re1
{[%clk 1:23:06]} Rbd8 {[%clk 0:50:50]} 13. Qc2 {[%clk 1:13:50]} e5
{[%clk 0:39:20]} 14. dxe5 {[%clk 1:07:00]} Nxe5 {[%clk 0:36:47]} 15. Nxe5
{[%clk 1:06:50]} dxe5 {[%clk 0:37:12]} 16. Red1 {[%clk 0:57:41]} Qe7
{[%clk 0:36:48]} 17. a5 {[%clk 0:55:58]} Qe6 {[%clk 0:30:11]} 18. axb6
{[%clk 0:53:28]} axb6 {[%clk 0:30:36]} 19. Ra7 {[%clk 0:46:37]} Bd5
{[%clk 0:26:51]} 20. Bf3 {[%clk 0:39:45]} Rd6 {[%clk 0:21:17]} 21. c4
{[%clk 0:32:50]} Bxf3 {[%clk 0:18:51]} 22. Nxf3 {[%clk 0:33:16]} Rxd1+
{[%clk 0:18:33]} 23. Qxd1 {[%clk 0:33:41]} Qxc4 {[%clk 0:15:59]} 24. Bxe5
{[%clk 0:33:43]} Qe6 {[%clk 0:07:34]} 25. Qd6 {[%clk 0:28:48]} Re8
{[%clk 0:06:10]} 26. Qxe6 {[%clk 0:25:29]} Rxe6 {[%clk 0:06:02]} 27. Rb7
{[%clk 0:21:39]} Ne8 {[%clk 0:02:16]} 28. Bxg7 {[%clk 0:21:03]} Kxg7
{[%clk 0:02:27]} 29. Ng5 {[%clk 0:20:44]} Rf6 {[%clk 0:02:46]} 30. Ne4
{[%clk 0:20:40]} Re6 {[%clk 0:02:55]} 31. Ng5 {[%clk 0:21:08]} Rf6
{[%clk 0:02:38]} 32. Ne4 {[%clk 0:21:36]} Re6 {[%clk 0:02:03]} 33. Ng5
{[%clk 0:22:02]} Rf6 {[%clk 0:02:17]} 34. Ne4 {[%clk 0:22:25]} 1/2-1/2

[Event "WCO 2016"]
[Site "?"]
[Date "2016.09.09"]
[Round "7"]
[Board "32"]
[WhiteID "910791"]
[White "Krpovic Natasa"]
[BlackID "6406505"]
[Black "Almanzar Vasquez Jennifer Maria"]
[Result "1/2-1/2"]
[BlackElo "1768"]
[WhiteElo "2073"]
[LiveChessVersion "1.4.8"]

1. e4 {[%clk 1:30:57]} d5 {[%clk 1:30:55]} 2. exd5 {[%clk 1:31:19]} Qxd5
{[%clk 1:31:16]} 3. Nc3 {[%clk 1:31:13]} Qd6 {[%clk 1:31:42]} 4. Nf3
{[%clk 1:30:21]} c6 {[%clk 1:31:59]} 5. d4 {[%clk 1:27:55]} Nf6 {[%clk 1:32:25]}
6. h3 {[%clk 1:26:46]} Bf5 {[%clk 1:32:09]} 7. Bd3 {[%clk 1:18:43]} Bxd3
{[%clk 1:32:18]} 8. Qxd3 {[%clk 1:19:04]} e6 {[%clk 1:32:43]} 9. O-O
{[%clk 1:17:37]} Nbd7 {[%clk 1:33:09]} 10. Ne2 {[%clk 1:13:48]} Qc7
{[%clk 1:33:23]} 11. Bf4 {[%clk 1:05:55]} Bd6 {[%clk 1:33:40]} 12. Bxd6
{[%clk 1:05:46]} Qxd6 {[%clk 1:34:08]} 13. Rfe1 {[%clk 1:02:54]} O-O
{[%clk 1:34:27]} 14. Rad1 {[%clk 0:45:00]} Rad8 {[%clk 1:33:55]} 15. Ng3
{[%clk 0:43:08]} Qc7 {[%clk 1:33:12]} 16. Qe2 {[%clk 0:36:15]} Rfe8
{[%clk 1:32:15]} 17. Ne5 {[%clk 0:27:59]} Qb6 {[%clk 1:12:17]} 18. c3
{[%clk 0:26:14]} c5 {[%clk 1:11:35]} 19. Nxd7 {[%clk 0:20:33]} Rxd7
{[%clk 1:10:56]} 20. dxc5 {[%clk 0:20:00]} Qxc5 {[%clk 1:11:17]} 21. Rxd7
{[%clk 0:20:06]} Nxd7 {[%clk 1:11:45]} 22. Ne4 {[%clk 0:19:30]} Qc7
{[%clk 1:06:48]} 23. Rd1 {[%clk 0:14:00]} Re7 {[%clk 0:54:06]} 24. Qd3
{[%clk 0:12:58]} h6 {[%clk 0:53:28]} 25. Qe3 {[%clk 0:09:23]} Qb6
{[%clk 0:52:01]} 26. Qg3 {[%clk 0:05:52]} Kh7 {[%clk 0:49:59]} 27. b3
{[%clk 0:04:56]} Nc5 {[%clk 0:40:20]} 28. Qh4 {[%clk 0:04:05]} Rd7
{[%clk 0:35:56]} 29. Rxd7 {[%clk 0:04:20]} Nxd7 {[%clk 0:36:25]} 30. Qf4
{[%clk 0:02:38]} Kg8 {[%clk 0:34:24]} 31. Nd6 {[%clk 0:02:21]} Nf6
{[%clk 0:34:29]} 32. Nc4 {[%clk 0:02:10]} Qa6 {[%clk 0:31:36]} 33. Qb8+
{[%clk 0:02:17]} Kh7 {[%clk 0:31:55]} 34. a4 {[%clk 0:02:00]} Nd5
{[%clk 0:31:46]} 35. Qf8 {[%clk 0:01:33]} Nxc3 {[%clk 0:31:34]} 36. Qxf7
{[%clk 0:01:37]} Nxa4 {[%clk 0:29:26]} 37. Ne5 {[%clk 0:01:28]} Nc5
{[%clk 0:29:37]} 38. Qg6+ {[%clk 0:01:40]} Kg8 {[%clk 0:30:04]} 39. Qe8+
{[%clk 0:01:37]} Kh7 {[%clk 0:30:29]} 40. Qg6+ {[%clk 0:31:45]} Kg8
{[%clk 1:00:51]} 41. Qf7+ {[%clk 0:19:52]} Kh7 {[%clk 1:00:17]} 42. Qg6+
{[%clk 0:13:59]} Kg8 {[%clk 1:00:29]} 43. Qe8+ {[%clk 0:06:27]} Kh7
{[%clk 1:00:47]} 44. Qg6+ {[%clk 0:06:52]} Kg8 {[%clk 1:01:01]} 45. Qe8+
{[%clk 0:07:16]} Kh7 {[%clk 1:01:10]} 1/2-1/2

[Event "WCO 2016"]
[Site "?"]
[Date "2016.09.09"]
[Round "7"]
[Board "29"]
[WhiteID "11001305"]
[White "Wakuruwarewa Colletta"]
[BlackID "3101193"]
[Black "Vazquez Maccarini Danitza"]
[Result "0-1"]
[BlackElo "2142"]
[WhiteElo "1716"]
[LiveChessVersion "1.4.8"]

1. e4 {[%clk 1:30:56]} c5 {[%clk 1:30:48]} 2. Nf3 {[%clk 1:31:06]} e6
{[%clk 1:31:06]} 3. d4 {[%clk 1:31:09]} cxd4 {[%clk 1:31:21]} 4. Nxd4
{[%clk 1:31:30]} a6 {[%clk 1:31:40]} 5. Nc3 {[%clk 1:31:12]} Qc7 {[%clk 1:32:02]}
6. Be2 {[%clk 1:31:00]} Nf6 {[%clk 1:32:17]} 7. O-O {[%clk 1:30:59]} Be7
{[%clk 1:32:02]} 8. Be3 {[%clk 1:30:58]} d6 {[%clk 1:32:18]} 9. h3
{[%clk 1:30:48]} Nbd7 {[%clk 1:31:58]} 10. Qd2 {[%clk 1:26:15]} b5
{[%clk 1:30:30]} 11. a3 {[%clk 1:26:27]} Bb7 {[%clk 1:30:48]} 12. f3
{[%clk 1:21:09]} O-O {[%clk 1:28:12]} 13. Rad1 {[%clk 1:20:47]} Ne5
{[%clk 1:24:43]} 14. Bd3 {[%clk 1:15:30]} Rac8 {[%clk 1:22:19]} 15. Rfe1
{[%clk 1:13:41]} Nc4 {[%clk 1:21:26]} 16. Bxc4 {[%clk 1:14:00]} Qxc4
{[%clk 1:21:23]} 17. Qd3 {[%clk 1:12:31]} Qc7 {[%clk 1:20:15]} 18. Rd2
{[%clk 1:09:10]} Nd7 {[%clk 1:19:26]} 19. Qe2 {[%clk 1:01:59]} Ne5
{[%clk 1:18:20]} 20. Rdd1 {[%clk 0:58:00]} Nc4 {[%clk 1:16:51]} 21. Bc1
{[%clk 0:57:39]} Nxa3 {[%clk 1:10:06]} 22. Nd5 {[%clk 0:53:49]} exd5
{[%clk 1:08:10]} 23. exd5 {[%clk 0:52:16]} Bh4 {[%clk 1:08:06]} 24. bxa3
{[%clk 0:50:01]} Bxe1 {[%clk 1:08:07]} 25. Qxe1 {[%clk 0:49:10]} Bxd5
{[%clk 1:03:58]} 26. Qg3 {[%clk 0:46:38]} f6 {[%clk 1:01:11]} 27. Bf4
{[%clk 0:45:57]} Rcd8 {[%clk 0:56:34]} 28. Nf5 {[%clk 0:42:56]} Be6
{[%clk 0:56:45]} 29. Bxd6 {[%clk 0:35:10]} Qb6+ {[%clk 0:55:43]} 30. Kh2
{[%clk 0:33:50]} Bxf5 {[%clk 0:52:09]} 31. Bc7 {[%clk 0:33:50]} Qxc7
{[%clk 0:51:25]} 32. Qxc7 {[%clk 0:33:48]} Rxd1 {[%clk 0:51:47]} 33. Qc6
{[%clk 0:32:26]} Bc8 {[%clk 0:50:42]} 34. Qe4 {[%clk 0:32:09]} Rfd8
{[%clk 0:50:34]} 35. c3 {[%clk 0:30:53]} R1d3 {[%clk 0:49:36]} 36. Qe7
{[%clk 0:29:18]} Rf8 {[%clk 0:47:26]} 37. Qc7 {[%clk 0:28:02]} Be6
{[%clk 0:45:58]} 38. Qc6 {[%clk 0:27:43]} Bc4 {[%clk 0:45:00]} 39. Qxa6
{[%clk 0:27:17]} Rxc3 {[%clk 0:45:12]} 40. Qd6 {[%clk 0:56:16]} Rc2
{[%clk 1:08:40]} 41. Qd1 {[%clk 0:55:51]} Ra2 {[%clk 1:08:53]} 42. Qd6
{[%clk 0:55:56]} Ra8 {[%clk 1:08:58]} 43. h4 {[%clk 0:55:41]} R2xa3
{[%clk 1:09:00]} 44. h5 {[%clk 0:55:56]} h6 {[%clk 1:09:16]} 45. f4
{[%clk 0:55:53]} Rd3 {[%clk 1:08:00]} 46. Qc6 {[%clk 0:56:10]} Rb8
{[%clk 1:08:20]} 47. g4 {[%clk 0:56:21]} Bd5 {[%clk 1:07:02]} 48. Qc2
{[%clk 0:55:37]} Bc4 {[%clk 1:07:09]} 49. Qg2 {[%clk 0:55:37]} Rbd8
{[%clk 1:07:05]} 50. Qb7 {[%clk 0:55:47]} Ra3 0-1

[Event "WCO 2016"]
[Site "?"]
[Date "2016.09.09"]
[Round "7"]
[Board "30"]
[WhiteID "3101703"]
[White "Morales Santos Natasha"]
[BlackID "11001313"]
[Black "Zengeni Tatenda Melisa"]
[Result "1-0"]
[BlackElo "1649"]
[WhiteElo "1908"]
[LiveChessVersion "1.4.8"]

1. d4 {[%clk 1:30:23]} d5 {[%clk 1:30:50]} 2. Nf3 {[%clk 1:30:42]} Nf6
{[%clk 1:30:27]} 3. e3 {[%clk 1:31:01]} Bf5 {[%clk 1:30:39]} 4. c4
{[%clk 1:31:18]} c6 {[%clk 1:29:50]} 5. cxd5 cxd5 {[%clk 1:29:56]} 6. Qb3
{[%clk 1:31:38]} Qc7 {[%clk 1:27:41]} 7. Nc3 {[%clk 1:31:55]} e6 {[%clk 1:27:02]}
8. Bd2 {[%clk 1:30:53]} a6 {[%clk 1:25:19]} 9. Rc1 {[%clk 1:27:19]} Nc6
{[%clk 1:21:45]} 10. Be2 {[%clk 1:26:25]} Bd6 {[%clk 1:20:30]} 11. O-O
{[%clk 1:24:57]} O-O {[%clk 1:19:18]} 12. Na4 {[%clk 1:19:18]} Ne4
{[%clk 1:15:03]} 13. Bb4 {[%clk 1:15:04]} b5 {[%clk 1:10:00]} 14. Bxd6
{[%clk 1:13:50]} Qxd6 {[%clk 1:09:52]} 15. Nc5 {[%clk 1:13:33]} Na5
{[%clk 1:00:27]} 16. Qb4 {[%clk 1:05:28]} Nc4 {[%clk 0:58:20]} 17. b3
{[%clk 1:04:39]} Nb6 {[%clk 0:52:21]} 18. Qa5 {[%clk 1:00:40]} Rfb8
{[%clk 0:47:30]} 19. Ne5 {[%clk 0:54:52]} Nxc5 {[%clk 0:36:06]} 20. Rxc5
{[%clk 0:54:25]} f6 {[%clk 0:28:29]} 21. Rc6 {[%clk 0:50:58]} Qd8
{[%clk 0:28:48]} 22. Nd3 {[%clk 0:50:51]} Bxd3 {[%clk 0:27:37]} 23. Bxd3
{[%clk 0:50:50]} e5 {[%clk 0:23:46]} 24. Bf5 {[%clk 0:46:01]} g6 {[%clk 0:21:52]}
25. Be6+ {[%clk 0:45:39]} Kg7 {[%clk 0:20:36]} 26. Rfc1 {[%clk 0:43:02]} Nd7
{[%clk 0:12:08]} 27. Qxd8 Rxd8 {[%clk 0:12:35]} 28. Rc7 {[%clk 0:43:05]} Kh6
{[%clk 0:09:26]} 29. Rxd7 {[%clk 0:43:14]} Rac8 {[%clk 0:08:25]} 30. Rxc8
{[%clk 0:43:07]} Rxc8 {[%clk 0:08:53]} 31. Rxh7+ {[%clk 0:43:10]} Kxh7
{[%clk 0:09:13]} 32. Bxc8 {[%clk 0:43:29]} a5 {[%clk 0:09:27]} 33. Bb7
{[%clk 0:43:42]} Kg7 {[%clk 0:09:33]} 34. Bxd5 {[%clk 0:44:00]} Kf8
{[%clk 0:09:50]} 35. Bc6 {[%clk 0:44:18]} b4 {[%clk 0:10:16]} 36. d5
{[%clk 0:44:35]} Ke7 {[%clk 0:10:27]} 37. e4 {[%clk 0:44:52]} Kd6
{[%clk 0:10:37]} 38. f3 {[%clk 0:45:10]} g5 {[%clk 0:10:24]} 39. g3
{[%clk 0:45:22]} Kc5 {[%clk 0:06:13]} 40. h4 {[%clk 1:15:34]} gxh4
{[%clk 0:36:03]} 41. gxh4 {[%clk 1:15:53]} Kd6 {[%clk 0:35:04]} 42. h5 1-0

[Event "WCO 2016"]
[Site "?"]
[Date "2016.09.09"]
[Round "7"]
[Board "31"]
[WhiteID "11001178"]
[White "Nomalungelo Mathe"]
[BlackID "3101576"]
[Black "Comas Colon Rinelly M."]
[Result "0-1"]
[BlackElo "1773"]
[WhiteElo "1574"]
[LiveChessVersion "1.4.8"]

1. e4 {[%clk 1:30:53]} g6 {[%clk 1:30:28]} 2. d4 {[%clk 1:30:57]} Bg7
{[%clk 1:30:52]} 3. c3 {[%clk 1:31:18]} d6 {[%clk 1:30:43]} 4. Be3
{[%clk 1:28:43]} Nf6 {[%clk 1:30:56]} 5. f3 {[%clk 1:28:21]} O-O {[%clk 1:28:16]}
6. Qd2 {[%clk 1:28:31]} e5 {[%clk 1:23:40]} 7. d5 {[%clk 1:24:51]} Bd7
{[%clk 1:21:37]} 8. Bh6 {[%clk 1:22:42]} Nxe4 {[%clk 1:18:14]} 9. fxe4
{[%clk 1:20:33]} Qh4+ {[%clk 1:18:34]} 10. Qf2 {[%clk 1:19:31]} Qxf2+
{[%clk 1:17:22]} 11. Kxf2 {[%clk 1:19:46]} Bxh6 {[%clk 1:17:48]} 12. Bd3
{[%clk 1:18:49]} Bc1 {[%clk 1:15:31]} 13. a3 {[%clk 1:15:07]} Bxb2
{[%clk 1:09:30]} 14. Ra2 {[%clk 1:15:26]} Bc1 {[%clk 1:09:50]} 15. Nd2
{[%clk 1:15:20]} Bxd2 {[%clk 1:08:55]} 16. Rxd2 {[%clk 1:15:36]} f5
{[%clk 1:07:24]} 17. Ke2 {[%clk 1:13:45]} Na6 {[%clk 1:06:46]} 18. exf5
{[%clk 1:08:01]} Bxf5 {[%clk 1:06:42]} 19. Bxa6 {[%clk 1:06:16]} bxa6
{[%clk 1:07:04]} 20. Nf3 {[%clk 1:06:09]} Rab8 {[%clk 1:06:50]} 21. c4
{[%clk 1:01:22]} Rb3 {[%clk 1:06:18]} 22. Ra1 {[%clk 1:00:19]} Rc3
{[%clk 1:01:36]} 23. Raa2 {[%clk 1:00:32]} Rxc4 {[%clk 1:01:18]} 24. Rab2
{[%clk 1:00:42]} Rc5 {[%clk 0:52:27]} 25. Rb7 {[%clk 1:00:22]} Be4
{[%clk 0:51:51]} 26. Ne1 {[%clk 0:50:36]} Bxd5 {[%clk 0:46:47]} 27. Rbb2
{[%clk 0:47:15]} Bc4+ {[%clk 0:46:02]} 28. Kd1 {[%clk 0:42:40]} Rb5
{[%clk 0:46:03]} 29. Rxb5 {[%clk 0:40:19]} axb5 {[%clk 0:45:13]} 30. Nf3
{[%clk 0:38:41]} a5 {[%clk 0:44:01]} 31. Rb2 {[%clk 0:37:25]} e4 {[%clk 0:43:18]}
32. Ne1 {[%clk 0:37:08]} d5 {[%clk 0:41:52]} 0-1

[Event "WCO 2016"]
[Site "?"]
[Date "2016.09.09"]
[Round "7"]
[Board "1"]
[WhiteID "12800619"]
[White "Ciuksyte Dagne"]
[BlackID "7602049"]
[Black "Farha Doha"]
[Result "1-0"]
[BlackElo "1851"]
[WhiteElo "2323"]
[LiveChessVersion "1.4.8"]

1. e4 {[%clk 1:30:56]} c5 {[%clk 1:30:57]} 2. Nf3 {[%clk 1:31:14]} Nc6
{[%clk 1:31:19]} 3. Nc3 {[%clk 1:29:35]} d6 {[%clk 1:29:00]} 4. d4
{[%clk 1:29:06]} cxd4 {[%clk 1:29:17]} 5. Nxd4 {[%clk 1:29:31]} Nf6
{[%clk 1:29:04]} 6. Bc4 {[%clk 1:27:03]} e6 {[%clk 1:25:57]} 7. Be3
{[%clk 1:25:43]} a6 {[%clk 1:20:53]} 8. Qe2 {[%clk 1:18:52]} Qc7 {[%clk 1:17:39]}
9. O-O-O {[%clk 1:13:27]} Be7 {[%clk 1:14:45]} 10. Bb3 {[%clk 1:10:07]} Bd7
{[%clk 1:05:57]} 11. Rhg1 {[%clk 1:04:31]} O-O-O {[%clk 1:02:21]} 12. g4
{[%clk 0:57:25]} Be8 {[%clk 0:57:02]} 13. Bxe6+ {[%clk 0:45:59]} fxe6
{[%clk 0:40:05]} 14. Nxe6 {[%clk 0:46:20]} Qa5 {[%clk 0:38:28]} 15. Nxd8
{[%clk 0:46:43]} Bxd8 {[%clk 0:30:51]} 16. g5 {[%clk 0:38:21]} Nd7
{[%clk 0:30:32]} 17. Rxd6 {[%clk 0:37:22]} Bc7 {[%clk 0:27:57]} 18. Rd5
{[%clk 0:36:23]} Qb4 {[%clk 0:26:59]} 19. f4 {[%clk 0:32:46]} Bf7
{[%clk 0:24:09]} 20. Rd2 {[%clk 0:23:38]} Bb6 {[%clk 0:12:57]} 21. Bxb6
{[%clk 0:20:23]} Nxb6 {[%clk 0:12:05]} 22. Nd5 {[%clk 0:17:16]} Bxd5
{[%clk 0:09:49]} 23. exd5 {[%clk 0:17:22]} Nc4 {[%clk 0:08:45]} 24. c3
{[%clk 0:16:36]} Qb6 {[%clk 0:06:26]} 25. Rdd1 {[%clk 0:14:40]} N6a5
{[%clk 0:04:14]} 26. Rd4 {[%clk 0:08:19]} Nd6 {[%clk 0:02:04]} 27. b4
{[%clk 0:06:57]} Re8 {[%clk 0:01:08]} 28. bxa5 {[%clk 0:06:33]} Rxe2
{[%clk 0:01:03]} 29. axb6 {[%clk 0:06:56]} Rxa2 {[%clk 0:01:27]} 30. Re1
{[%clk 0:05:24]} Kd7 {[%clk 0:01:42]} 31. c4 {[%clk 0:04:10]} Ra4
{[%clk 0:01:28]} 32. Re6 {[%clk 0:03:02]} Nxc4 {[%clk 0:00:41]} 33. f5
{[%clk 0:02:35]} Nxb6 {[%clk 0:00:55]} 34. Rxa4 {[%clk 0:02:34]} Nxa4
{[%clk 0:01:21]} 35. f6 {[%clk 0:01:59]} gxf6 {[%clk 0:01:45]} 36. Rxf6
{[%clk 0:01:32]} Nc5 {[%clk 0:00:55]} 37. Rh6 {[%clk 0:01:43]} Ne4
{[%clk 0:00:59]} 38. h4 {[%clk 0:01:45]} b5 {[%clk 0:01:10]} 39. Rxa6
{[%clk 0:01:44]} 1-0

[Event "WCO 2016"]
[Site "?"]
[Date "2016.09.09"]
[Round "7"]
[Board "2"]
[WhiteID "7602847"]
[White "Alkaseir Roaa"]
[BlackID "422894"]
[Black "Kalaiyalahan Akshaya"]
[Result "1/2-1/2"]
[BlackElo "2017"]
[WhiteElo "1674"]
[LiveChessVersion "1.4.8"]

1. e4 {[%clk 1:30:57]} c5 {[%clk 1:30:55]} 2. Nf3 {[%clk 1:31:21]} Nc6
{[%clk 1:31:18]} 3. d4 {[%clk 1:31:47]} cxd4 {[%clk 1:31:43]} 4. Nxd4
{[%clk 1:32:14]} e6 {[%clk 1:32:05]} 5. Nc3 {[%clk 1:32:39]} Qc7 {[%clk 1:32:27]}
6. Be2 {[%clk 1:33:03]} Nf6 {[%clk 1:32:43]} 7. O-O {[%clk 1:33:03]} a6
{[%clk 1:32:56]} 8. Be3 {[%clk 1:33:27]} b5 {[%clk 1:32:51]} 9. a3
{[%clk 1:33:41]} Bb7 {[%clk 1:32:13]} 10. f4 {[%clk 1:32:46]} d6 {[%clk 1:29:06]}
11. Bf3 {[%clk 1:31:34]} Na5 {[%clk 1:21:05]} 12. Kh1 {[%clk 1:11:40]} Nc4
{[%clk 1:20:47]} 13. Bc1 {[%clk 1:11:16]} Be7 {[%clk 1:20:48]} 14. g4
{[%clk 0:58:29]} Nd7 {[%clk 1:14:16]} 15. Nce2 {[%clk 0:53:45]} Nc5
{[%clk 1:07:55]} 16. Ng3 {[%clk 0:54:04]} Bh4 {[%clk 0:55:49]} 17. Qe2
{[%clk 0:51:21]} Bf6 {[%clk 0:53:39]} 18. Qd1 {[%clk 0:46:43]} e5
{[%clk 0:42:54]} 19. g5 {[%clk 0:39:43]} Be7 {[%clk 0:29:52]} 20. Ndf5
{[%clk 0:37:07]} Bf8 {[%clk 0:22:59]} 21. b3 {[%clk 0:23:19]} Nb6
{[%clk 0:23:13]} 22. Bg2 {[%clk 0:23:27]} g6 {[%clk 0:21:29]} 23. Nh6
{[%clk 0:18:31]} Bxh6 {[%clk 0:20:43]} 24. gxh6 {[%clk 0:18:57]} O-O-O
{[%clk 0:19:04]} 25. Bb2 {[%clk 0:18:03]} Rhe8 {[%clk 0:18:28]} 26. Qg4+
{[%clk 0:10:51]} Kb8 {[%clk 0:18:21]} 27. Rad1 {[%clk 0:10:30]} Nxe4
{[%clk 0:14:57]} 28. Nxe4 {[%clk 0:08:49]} f5 {[%clk 0:15:05]} 29. Qg5
{[%clk 0:06:07]} fxe4 {[%clk 0:14:05]} 30. fxe5 {[%clk 0:04:54]} d5
{[%clk 0:09:33]} 31. Rf2 {[%clk 0:02:33]} Bc8 {[%clk 0:06:32]} 32. Rfd2
{[%clk 0:02:01]} Bf5 {[%clk 0:05:10]} 33. h4 {[%clk 0:01:08]} Qe7
{[%clk 0:02:20]} 34. Qxe7 {[%clk 0:00:43]} Rxe7 {[%clk 0:02:47]} 35. Bd4
{[%clk 0:00:46]} Nd7 {[%clk 0:02:29]} 36. Be3 {[%clk 0:00:40]} Rc8
{[%clk 0:01:04]} 37. Rxd5 {[%clk 0:00:38]} Rxc2 {[%clk 0:00:45]} 38. Bf4
{[%clk 0:00:40]} Kc8 {[%clk 0:00:40]} 39. Rc1 {[%clk 0:00:34]} Rxc1+
{[%clk 0:00:59]} 40. Bxc1 {[%clk 0:30:58]} Rxe5 {[%clk 0:31:02]} 41. Rd1
{[%clk 0:28:16]} e3 {[%clk 0:20:23]} 42. Re1 {[%clk 0:28:20]} e2 {[%clk 0:20:02]}
43. Bf4 {[%clk 0:26:17]} Re6 {[%clk 0:17:51]} 44. Rc1+ {[%clk 0:18:07]} Kd8
{[%clk 0:18:17]} 45. Bc7+ {[%clk 0:10:00]} Ke8 {[%clk 0:16:46]} 46. Ba5
{[%clk 0:09:50]} Ne5 {[%clk 0:06:44]} 47. Rc8+ {[%clk 0:08:49]} Ke7
{[%clk 0:06:30]} 48. Rc7+ {[%clk 0:09:07]} Nd7 {[%clk 0:03:26]} 49. Rc1
{[%clk 0:07:37]} Be4 {[%clk 0:02:58]} 50. Re1 {[%clk 0:05:49]} Bxg2+
{[%clk 0:01:11]} 51. Kxg2 {[%clk 0:06:15]} Nf6 {[%clk 0:00:42]} 52. Kf3
{[%clk 0:05:42]} Ng8 {[%clk 0:00:42]} 53. Bd2 {[%clk 0:05:14]} Nf6
{[%clk 0:00:43]} 54. Bg5 {[%clk 0:04:49]} Kd6 {[%clk 0:00:54]} 55. Rxe2
{[%clk 0:04:43]} Rxe2 {[%clk 0:01:19]} 56. Kxe2 {[%clk 0:05:08]} Nd5
{[%clk 0:01:26]} 57. Kd3 {[%clk 0:03:59]} Ke5 {[%clk 0:01:51]} 1/2-1/2